Cl. Claudiani opera quae exstant opera ad optimas editiones collata : editio accurata /
Guardado en:
| Hovedforfatter: | |
|---|---|
| Format: | Bog |
| Sprog: | latin |
| Fag: | |
| Tags: |
Ingen Tags, Vær først til at tagge denne postø!
|
MARC
| LEADER | 00000nam^a2200000^a^4500 | ||
|---|---|---|---|
| 001 | 000384494 | ||
| 005 | 20250526000000.0 | ||
| 009 | 20260310120905.593 | ||
| 037 | |a Acervo Xavier Clavigero | ||
| 041 | |a LAT | ||
| 082 | |a 878. |b BIP CLA V. 1 | ||
| 100 | |a Claudiano, Claudio |e (autor) | ||
| 240 | 1 | 1 | |a [Autores clásicos latinos bipontinae: Claudiano] |
| 240 | 1 | |a [Autores clásicos latinos bipontinae] | |
| 240 | 1 | 1 | |a [Epigrammata] |
| 240 | 1 | 1 | |a [Eidyllia] |
| 245 | 1 | 0 | |a Cl. Claudiani opera quae exstant opera ad optimas editiones collata : |b editio accurata / |c C. Claudiano ; notas de Societatis Bipontinae. |
| 264 | |a Zweibrücken, Alemania : |b Societas Bipontina, |c 1784 | ||
| 300 | |a XXXII, 400 p. ; |c 20.5 cm. | ||
| 336 | |a texto |b txt |2 rdacontenido | ||
| 337 | |a sin mediación |b n |2 rdamedio | ||
| 338 | |a volumen |b nc |2 rdasoporte | ||
| 561 | |a Ex libris de Biblioteca de San Cayetano | ||
| 561 | |a Ex libris de Biblioteca Colegio Máximo Ysleta, El Paso, Texas | ||
| 649 | |a XX | ||
| 650 | |a Epigramas Clásicos | ||
| 650 | |a Epigramas Latinos | ||
| 650 | |a Poesía Clásica | ||
| 650 | |a Poesía Latina | ||
| 650 | |a Cartas Latinas | ||
| 650 | |a Literatura Clásica - |y Siglo IV | ||
| 650 | |a Literatura Latina - |y Siglo IV | ||
| 740 | 0 | |a Carmina / |c C. Claudiano. | |
| 740 | 0 | |a Epistolae / |c C. Claudiano. | |
| 740 | 0 | |a Eidyllia / |c C. Claudiano. | |
| 740 | 0 | |a Epigrammata / |c C. Claudiano. | |
| 740 | 0 | |a Anonymi poetae laudes herculis / |c C. Claudiano. | |
| 910 | |a Fondo General | ||
| 920 | |a Impresos - Libros | ||
| 930 | |a Libros Antiguos y Raros | ||
| 940 | |a Literatura | ||
| 905 | |a 108 | ||
| 901 | |a 0500278877 |b IT2 |c LRA |u 20250526 | ||
| 902 | |a https://opac.biblio.iteso.mx/vufind/Record/000384494 | ||